000 00407pab a2200157 454500
008 180718b2006 xxu||||| |||| 00| 0 eng d
100 _aVincent, Fernand
245 _aNGOs, social movements, external funding and dependency
260 _c2006
300 _ap.22-28.
362 _aJun
650 _aSocial movements
650 _aNongovernmental organizations
773 _aDevelopment
909 _a71499
999 _c71499
_d71499